Lingo (Record no. 33894)

MARC details
000 -LEADER
fixed length control field 00339nam a22001457a 4500
005 - DATE AND TIME OF LATEST TRANSACTION
control field 20231013195302.0
008 - FIXED-LENGTH DATA ELEMENTS--GENERAL INFORMATION
fixed length control field 231013b |||||||| |||| 00| 0 eng d
082 ## - DEWEY DECIMAL CLASSIFICATION NUMBER
Classification number 006.7869
Item number BAE-L
100 ## - MAIN ENTRY--AUTHOR
Author Name Baer,Marjorie
245 ## - TITLE STATEMENT
Title Lingo
Remainder of title Authorized
300 ## - PHYSICAL DESCRIPTION
Pages 369
500 ## - GENERAL NOTE
General note Include Index
650 ## - SUBJECT ADDED ENTRY--TOPICAL TERM
Subject / Department Computer
700 ## - ADDED ENTRY--PERSONAL NAME
Personal name Marjorie Baer
952 ## - LOCATION AND ITEM INFORMATION (KOHA)
-- 0
-- 0
Holdings
Lost status Damaged status Collection code Permanent Location Current Location Shelving Location Date acquired Full Call Number Accession No./Barcode Date last seen
    CS/IT Superior Information Resource Center (SIRC) Superior University- Main Campus Superior Information Resource Center (SIRC) Superior University- Main Campus Computer 10/13/2023 006.7869 BAE-L 20721 10/13/2023

Powered by Koha